[Event "AUTO-OPEN-3727"]
[Site "http://www.queenalice.com/game.php?id=1450204"]
[Date "2016.11.13"]
[Round "1"]
[White "CharlyVince"]
[Black "koshnarek"]
[Result "1-0"]
[WhiteElo "1570"]
[BlackElo "1704"]

1. Nf3 d6 2. d4 Nf6 3. h3 e6 4. c4 d5 5. cxd5 Nxd5 6. a3 c5 7. dxc5 Bxc5 8. e3
O-O 9. Be2 Bd7 10. O-O b5 11. b4 Bd6 12. Bb2 a5 13. Nc3 Bc6 14. Nxb5 axb4 15.
Nxd6 Qxd6 16. Be5 Qc5 17. Bd4 Qe7 18. a4 Ra5 19. Bb5 Bxb5 20. axb5 Rxb5 21. Rb1
Nc6 22. Qd3 Rfb8 23. Rfc1 Nc3 24. Bxc3 bxc3 25. Rxb5 Rd8 26. Qxc3 Na7 27. Rc5 f6
28. Rc7 Nb5 29. Rxe7 Nxc3 30. Rxc3 e5 31. Rcc7 Rd1+ 32. Kh2 Rd8 33. Rxg7+ Kh8
34. Rxh7+ Kg8 35. Nh4 Rf8 36. Rcg7# 1-0

[Event "AUTO-OPEN-3727"]
[Site "http://www.queenalice.com/game.php?id=1450205"]
[Date "2016.11.13"]
[Round "1"]
[White "koshnarek"]
[Black "CharlyVince"]
[Result "0-1"]
[WhiteElo "1721"]
[BlackElo "1802"]

1. e4 e6 2. e5 d5 3. exd6 cxd6 4. Nf3 Nc6 5. Bb5 Bd7 6. a4 a6 7. Bd3 d5 8. O-O
Nf6 9. Nc3 Bd6 10. Ne2 O-O 11. c3 Qc7 12. Ned4 Nxd4 13. Nxd4 Bxh2+ 14. Kh1 Bd6
15. Qf3 e5 16. Nf5 e4 17. Bxe4 dxe4 18. Nh6+ gxh6 19. Qxf6 Be5 20. Qxh6 Bg7 21.
Qe3 f5 22. f4 Qd8 23. g3 Qf6 24. d4 Bc6 25. Kg2 Rad8 26. b3 Kh8 27. Ba3 Rg8 28.
Bc5 Bf8 29. b4 Bxc5 30. bxc5 Rg6 31. Rh1 Rd7 32. Rh3 Rdg7 33. Kf2 Rh6 34. Rxh6
Qxh6 35. Ke2 Qh2+ 36. Qf2 Qxg3 37. Qxg3 Rxg3 38. c4 Rc3 39. a5 Rxc4 40. Ra3 Rxd4
41. Ke3 Rd3+ 42. Rxd3 exd3 43. Kxd3 Kg7 44. Kd4 Kf6 45. Ke3 Ke6 46. Kd4 h5 0-1

[Event "AUTO-OPEN-3727"]
[Site "http://www.queenalice.com/game.php?id=1450214"]
[Date "2016.11.13"]
[Round "1"]
[White "chessman"]
[Black "koshnarek"]
[Result "0-1"]
[WhiteElo "1918"]
[BlackElo "1696"]

1. e4 e5 2. Nf3 d6 3. d4 Nc6 4. dxe5 Nxe5 5. Nxe5 dxe5 6. Qxd8+ Kxd8 7. Bc4 Be6
8. Bxe6 fxe6 9. O-O Nf6 10. Bg5 Bc5 11. Nc3 h6 12. Bxf6+ gxf6 13. Rfd1+ Ke7 14.
Rd2 Rad8 15. Rad1 Rxd2 16. Rxd2 c6 17. g3 b5 18. a3 a5 19. Kf1 h5 20. Kg2 f5 21.
Re2 f4 22. f3 fxg3 23. hxg3 Kf6 24. Rd2 Ke7 25. Ne2 h4 26. g4 Be3 27. Rd3 Bg5
28. Ng1 a4 29. Nh3 Bc1 30. b3 axb3 31. Rxb3 Rd8 32. c3 Rd2+ 33. Kh1 Rd3 34. Kg2
Kd6 35. Ng5 Bxg5 0-1

[Event "AUTO-OPEN-3727"]
[Site "http://www.queenalice.com/game.php?id=1450215"]
[Date "2016.11.13"]
[Round "1"]
[White "koshnarek"]
[Black "chessman"]
[Result "1/2-1/2"]
[WhiteElo "1708"]
[BlackElo "1854"]

1. e4 e6 2. e5 d5 3. exd6 cxd6 4. d4 d5 5. Nf3 Nf6 6. Bb5+ Nc6 7. Ne5 Bd7 8.
Nxc6 Bxc6 9. Bxc6+ bxc6 10. Bf4 Bd6 11. Bxd6 Qxd6 12. O-O c5 13. c3 O-O 14. dxc5
Qxc5 15. b4 Qc4 16. f3 a5 17. a3 axb4 18. cxb4 Rfb8 19. Nd2 Qd4+ 20. Rf2 Rc8 21.
Ra2 Rc3 22. g4 Rac8 23. Kg2 h6 24. Qe1 Nh7 25. h4 Nf8 26. h5 Nh7 27. b5 Ng5 28.
a4 Rc2 29. Nb3 Rxf2+ 30. Qxf2 Qb4 31. Nd2 Ra8 32. b6 Rxa4 33. Rxa4 Qxa4 34. f4
Ne4 35. Nxe4 Qxe4+ 36. Kg3 Qd3+ 37. Kh4 Qb5 38. Qd4 Kf8 39. g5 Kg8 40. gxh6 gxh6
41. Kg4 Qb1 42. Qf2 Qf5+ 43. Kh4 Qf6+ 44. Kg3 Qg7+ 45. Kf3 Qc3+ 46. Kg4 d4 47.
b7 Qb4 48. Qf3 d3 49. Qxd3 Qxb7 50. Qd8+ Kh7 51. Qf6 Qg2+ 1/2-1/2

[Event "AUTO-INT-3238"]
[Site "http://www.queenalice.com/game.php?id=1471862"]
[Date "2017.4.4"]
[Round "1"]
[White "Givanildo"]
[Black "koshnarek"]
[Result "0-1"]
[WhiteElo "1611"]
[BlackElo "1704"]

1. d4 e6 2. Bf4 Nf6 3. h3 Nd5 4. Bg3 Be7 5. a3 O-O 6. e4 Nf6 7. Nc3 d5 8. e5 Ne4
9. Nxe4 dxe4 10. Be2 Nc6 11. h4 Nxd4 12. Bc4 Nf5 13. Qxd8 Bxd8 14. Bf4 a6 15.
O-O-O b5 16. Bb3 Bb7 17. g4 Nxh4 18. Rxd8 Raxd8 19. Rxh4 h6 20. g5 Kh7 21. gxh6
g6 22. Bg5 Rd4 23. c3 Rd3 24. Ne2 c5 25. Bc2 Rf3 26. Ng3 Rxf2 27. Be3 Rf3 28.
Nxe4 Rxe3 29. Nf6+ Kh8 30. Nd7 Rc8 31. c4 Bc6 32. Nxc5 Rd8 33. Kb1 Re1+ 34. Ka2
bxc4 35. Ba4 Bd5 36. Nxa6 c3+ 37. Bb3 c2 38. Bxd5 Rxd5 39. Nc7 c1=Q 40. Nxd5
exd5 41. e6 Rxe6 42. Rb4 Kh7 43. Rb7 Qc4+ 44. Rb3 Re2 45. a4 Kxh6 46. Ka3 d4 47.
Rh3+ Kg5 48. b3 Qc1+ 49. Kb4 Kg4 50. Rh7 f5 51. Rg7 g5 52. a5 Re5 53. a6 Qc5+
54. Ka4 Qa5# 0-1

[Event "AUTO-INT-3238"]
[Site "http://www.queenalice.com/game.php?id=1471863"]
[Date "2017.4.4"]
[Round "1"]
[White "koshnarek"]
[Black "Givanildo"]
[Result "0-1"]
[WhiteElo "1728"]
[BlackElo "1520"]

1. e4 d5 2. d3 dxe4 3. Be2 exd3 4. Bxd3 a6 5. Ne2 e5 6. Nbc3 Bb4 7. a3 Bxc3+ 8.
Nxc3 Be6 9. Be3 h6 10. b4 Ne7 11. Na4 Nbc6 12. Nc5 O-O 13. Nxb7 Qd5 14. O-O e4
15. Be2 Qe5 16. Rc1 Nd5 17. Bc5 Nc3 18. Qd2 Nxe2+ 19. Qxe2 Rfe8 20. Rfd1 Qg5 21.
Be3 Qg6 22. h3 Bxh3 23. Qf1 Ne5 24. Kh2 Bf5 25. g3 Qh5+ 26. Kg1 Nf3+ 27. Kg2
Qh2# 0-1

[Event "AUTO-INT-3238"]
[Site "http://www.queenalice.com/game.php?id=1471880"]
[Date "2017.4.4"]
[Round "1"]
[White "koshnarek"]
[Black "carpielo"]
[Result "0-1"]
[WhiteElo "1716"]
[BlackElo "1584"]

1. e4 e5 2. Bc4 Bc5 3. Qf3 Nf6 4. Ne2 c6 5. O-O d5 6. exd5 cxd5 7. Bb5+ Bd7 8.
Bxd7+ Qxd7 9. d3 e4 10. dxe4 dxe4 11. Qc3 O-O 12. Qxc5 Na6 13. Qe3 Rad8 14. Qxa7
Qd1 15. Qxb7 Qxe2 16. Nc3 Rd7 17. Qc6 Nb4 18. Nxe2 Nxc6 19. c3 Re8 20. Be3 Nd5
21. Bc5 h5 22. g3 Rb8 23. b4 Nf6 24. h3 g5 25. Kg2 g4 26. h4 Nd5 27. Rad1 e3 28.
f4 f5 29. a4 Rbd8 30. Nd4 Nxd4 31. Bxd4 e2 32. Rd3 exf1=Q+ 33. Kxf1 Kf7 34. c4
Nxb4 35. Rd2 Rxd4 36. Re2 Rxc4 37. a5 Ra8 38. Re5 Kf6 39. Ke2 Re4+ 40. Rxe4 Nc6
41. Ra4 Nxa5 42. Kd3 Rd8+ 43. Kc3 Ra8 44. Rd4 Rc8+ 45. Kb4 Nc6+ 46. Kc5 Nxd4+
47. Kxd4 Rd8+ 48. Ke3 Ke6 49. Ke2 Kd5 50. Kd3 Rb8 51. Ke3 Rb3+ 52. Kf2 Rd3 53.
Kg2 Ke4 54. Kf2 Rd2+ 55. Kg1 Kf3 56. Kf1 Rd1# 0-1

[Event "AUTO-INT-3238"]
[Site "http://www.queenalice.com/game.php?id=1471881"]
[Date "2017.4.4"]
[Round "1"]
[White "carpielo"]
[Black "koshnarek"]
[Result "0-1"]
[WhiteElo "1631"]
[BlackElo "1715"]

1. e4 e5 2. Bc4 Nc6 3. Nf3 d6 4. c3 Be6 5. Bxe6 fxe6 6. d4 exd4 7. cxd4 e5 8. d5
Nd4 9. Nxd4 exd4 10. Qxd4 Qe7 11. O-O b6 12. Re1 Nf6 13. e5 O-O-O 14. exf6 Qxf6
15. Qxf6 gxf6 16. Nc3 Bg7 17. Nb5 Kb7 18. Re7 Rhg8 19. Rxc7+ Ka6 20. Nxa7 Rge8
21. Rxg7 Re1# 0-1

[Event "AUTO-INT-3238"]
[Site "http://www.queenalice.com/game.php?id=1507833"]
[Date "2017.12.13"]
[Round "2"]
[White "koshnarek"]
[Black "Givanildo"]
[Result "1-0"]
[WhiteElo "1780"]
[BlackElo "1653"]

1. e4 d5 2. e5 Bf5 3. d4 e6 4. Bd3 Bb4+ 5. Bd2 Bxd2+ 6. Nxd2 Bxd3 7. cxd3 Nc6 8.
Ngf3 h6 9. O-O Nge7 10. a3 Nf5 11. g3 Nfxd4 12. Qa4 b5 13. Qa6 Nxf3+ 14. Nxf3
Ne7 15. Qxb5+ c6 16. Qb7 O-O 17. b4 a5 18. Nd4 axb4 19. Qxb4 Rc8 20. Rfc1 Rc7
21. a4 Qa8 22. Qb6 Rfc8 23. Ra3 Rb7 24. Qc5 Qa6 25. h4 h5 26. f3 Qa7 27. Qxa7
Rxa7 28. Rc5 Ra6 29. a5 Nf5 30. Nxf5 exf5 31. Rb3 Re8 32. d4 f6 33. f4 g5 34.
hxg5 1-0

[Event "AUTO-INT-3238"]
[Site "http://www.queenalice.com/game.php?id=1507834"]
[Date "2017.12.13"]
[Round "2"]
[White "Givanildo"]
[Black "koshnarek"]
[Result "0-1"]
[WhiteElo "1642"]
[BlackElo "1791"]

1. e3 e5 2. d4 e4 3. a3 d6 4. Bd2 Nf6 5. h3 Be7 6. Bb5+ Bd7 7. Bxd7+ Nbxd7 8.
Nc3 c6 9. Nge2 Nd5 10. Nxd5 cxd5 11. Bb4 a5 12. Bd2 O-O 13. O-O Nb6 14. b4 a4
15. Nc3 Qd7 16. Qh5 g6 17. Qh6 Bf6 18. f4 exf3 19. Rxf3 Bg7 20. Qg5 h6 21. Qh4
g5 22. Qg3 f5 23. Raf1 Nc4 24. Bc1 b5 25. Nxd5 Rab8 26. c3 Rf7 27. e4 f4 28. Qh2
Qe8 29. e5 dxe5 30. Nc7 Rxc7 31. g3 e4 32. R3f2 e3 33. Re2 Rf7 34. gxf4 gxf4 0-1

[Event "AUTO-INT-3238"]
[Site "http://www.queenalice.com/game.php?id=1507835"]
[Date "2017.12.13"]
[Round "2"]
[White "koshnarek"]
[Black "Bulldozer"]
[Result "1-0"]
[WhiteElo "1741"]
[BlackElo "1844"]

1. e4 e6 2. e5 d5 3. exd6 cxd6 4. Bb5+ Nc6 5. Nf3 Bd7 6. d4 Nf6 7. Bg5 Be7 8.
Nc3 O-O 9. a4 Rc8 10. O-O a6 11. Bd3 Nb4 12. Be2 h6 13. Bh4 1-0

[Event "AUTO-INT-3238"]
[Site "http://www.queenalice.com/game.php?id=1507836"]
[Date "2017.12.13"]
[Round "2"]
[White "Bulldozer"]
[Black "koshnarek"]
[Result "0-1"]
[WhiteElo "1824"]
[BlackElo "1761"]

1. e4 e5 2. Nf3 Nc6 3. Bc4 Bc5 4. d3 Qe7 5. a3 d6 6. h3 a6 7. O-O b5 8. Ba2 Be6
9. Nc3 Bxa2 10. Nxa2 Nd4 11. Be3 Nxf3+ 12. Qxf3 Bxe3 0-1

[Event "AUTO-INT-3238"]
[Site "http://www.queenalice.com/game.php?id=1507837"]
[Date "2017.12.13"]
[Round "2"]
[White "koshnarek"]
[Black "Crusader"]
[Result "1-0"]
[WhiteElo "1719"]
[BlackElo "1872"]

1. e4 e6 2. e5 d5 3. exd6 cxd6 4. Bb5+ Nc6 5. Nf3 Nf6 6. d4 Be7 7. Bg5 Bd7 8. a4
h6 9. Bh4 a6 10. Be2 O-O 11. O-O Nd5 12. Bxe7 1-0

[Event "AUTO-INT-3238"]
[Site "http://www.queenalice.com/game.php?id=1507838"]
[Date "2017.12.13"]
[Round "2"]
[White "Crusader"]
[Black "koshnarek"]
[Result "0-1"]
[WhiteElo "1896"]
[BlackElo "1695"]

1. e4 e5 2. Nf3 Nc6 3. Bc4 Bc5 4. a3 Qe7 5. Nc3 Nf6 6. d3 Ng4 7. O-O d6 8. Qe2
Nd4 9. Nxd4 Bxd4 10. Be3 Bxe3 11. fxe3 Be6 0-1

[Event "AUTO-OPEN-4348"]
[Site "http://www.queenalice.com/game.php?id=1782266"]
[Date "2022.2.6"]
[Round "1"]
[White "Kapablanca"]
[Black "koshnarek"]
[Result "0-1"]
[WhiteElo "1625"]
[BlackElo "1803"]

1. d4 e6 2. c4 d5 3. Nc3 Nf6 4. Nf3 dxc4 5. e4 Bb4 6. Bxc4 Bxc3+ 7. bxc3 Nxe4 8.
Qc2 Nd6 9. Bd3 g6 10. O-O Nd7 11. Bh6 Nf5 12. Qd2 Nxh6 13. Qxh6 f6 14. Bxg6+ Ke7
15. Bd3 a6 16. Rfe1 Qg8 17. d5 e5 18. c4 Nc5 19. Bc2 Qf8 20. Qe3 b6 21. Nxe5
fxe5 22. Qxe5+ Kd7 23. Rad1 Bb7 24. Bf5+ Kd8 25. d6 c6 26. Qf4 Qf7 27. Re7 Qf6
28. Rd7+ Nxd7 29. Re1 c5 30. h4 h6 31. g3 Bc6 32. Re6 Qa1+ 0-1

[Event "AUTO-OPEN-4348"]
[Site "http://www.queenalice.com/game.php?id=1782267"]
[Date "2022.2.6"]
[Round "1"]
[White "koshnarek"]
[Black "Kapablanca"]
[Result "0-1"]
[WhiteElo "1791"]
[BlackElo "1878"]

1. e4 e6 2. e5 d5 3. exd6 cxd6 4. Bb5+ Bd7 5. Nc3 Nf6 6. d3 a6 7. Bxd7+ Nbxd7 8.
Nh3 d5 9. O-O Bd6 10. Bf4 Bxf4 11. Nxf4 O-O 12. b4 Rc8 13. Na4 Qc7 14. Nh5 Qxc2
15. Nxf6+ Nxf6 16. a3 d4 17. Nc5 Qxd1 18. Rfxd1 Rb8 19. h3 Rfd8 20. f3 Nd7 21.
Nb3 Nf6 22. g4 e5 23. Kf2 b6 24. Kg3 Nd5 25. Re1 f6 26. f4 Nxf4 27. Red1 Rdc8
28. Rac1 Ne2+ 29. Kf3 Nxc1 30. Nxc1 Rc3 31. a4 Rbc8 32. Ne2 Rc2 33. h4 Rb2 34.
b5 axb5 35. axb5 Rxb5 36. Ke4 Rb2 37. Kf3 Rcc2 38. Ng1 b5 39. h5 h6 40. Ra1 Rf2+
41. Kg3 Rg2+ 42. Kh3 b4 43. Nf3 Rgf2 44. Ne1 Rf1 45. Rc1 Re2 46. Rb1 Rexe1 47.
Rxe1 Rxe1 0-1

[Event "AUTO-OPEN-4348"]
[Site "http://www.queenalice.com/game.php?id=1782292"]
[Date "2022.2.6"]
[Round "1"]
[White "Scharlatan"]
[Black "koshnarek"]
[Result "1-0"]
[WhiteElo "2145"]
[BlackElo "1778"]

1. d4 e6 2. c4 d5 3. Nc3 Bb4 4. cxd5 Bxc3+ 5. bxc3 exd5 6. a4 Ne7 7. Bg5 Nbc6 8.
e3 f6 9. Bf4 Ng6 10. Bg3 a5 11. Bd3 Nge7 12. h3 g6 13. Rb1 b6 14. Ne2 g5 15. f4
Bf5 16. fxg5 fxg5 17. O-O Bxd3 18. Qxd3 h5 19. e4 h4 20. Bh2 Qd7 21. exd5 Qxd5
22. Bxc7 Nc8 23. Qg6+ Ke7 24. Qg7+ Ke6 25. Rf6# 1-0

[Event "AUTO-OPEN-4348"]
[Site "http://www.queenalice.com/game.php?id=1782293"]
[Date "2022.2.6"]
[Round "1"]
[White "koshnarek"]
[Black "Scharlatan"]
[Result "0-1"]
[WhiteElo "1793"]
[BlackElo "2175"]

1. e4 c6 2. d4 d5 3. exd5 cxd5 4. Nc3 Nc6 5. Bb5 Bf5 6. Nge2 a6 7. Ng3 Bg6 8.
Ba4 b5 9. Bb3 e6 10. Bf4 Bd6 11. Qf3 Nxd4 12. Qe3 Nxb3 13. axb3 Bxf4 14. Qxf4
Bxc2 15. b4 Nf6 16. Qg5 Bg6 17. O-O h6 18. Qe5 O-O 19. Rac1 Rc8 20. h3 Rc4 21.
Na2 Qc8 22. b3 Rc6 23. Rxc6 Qxc6 24. Rc1 Qb6 25. Rc3 Nd7 26. Qe2 d4 27. Rc1 d3
28. Qe3 Rd8 29. h4 Qxe3 30. fxe3 Nf6 31. Kf2 Ng4+ 32. Kf3 d2 33. Kxg4 dxc1=Q 34.
Nxc1 Rd1 35. Nge2 Bd3 36. Nxd3 Rxd3 37. Kf4 Rxb3 38. e4 Rxb4 39. g4 a5 40. Nc1
a4 41. Na2 Rb3 42. Nc1 Rb1 43. Na2 b4 44. Ke3 a3 45. Kd2 Rb2+ 0-1

[Event "AUTO-OPEN-4348"]
[Site "http://www.queenalice.com/game.php?id=1782308"]
[Date "2022.2.6"]
[Round "1"]
[White "SamuraiJOM"]
[Black "koshnarek"]
[Result "0-1"]
[WhiteElo "1804"]
[BlackElo "1776"]

1. e4 e5 2. Nf3 d6 3. Bc4 Nc6 4. c3 Nh6 5. a4 Be6 6. Bxe6 fxe6 7. d3 Be7 8. b3
Nf7 9. O-O h6 10. d4 exd4 11. cxd4 Qd7 12. Be3 g5 13. Nbd2 d5 14. Qc2 Nb4 15.
Qb2 a5 16. Ne5 Nxe5 17. dxe5 g4 18. Qb1 d4 19. Bf4 Bg5 20. Bxg5 hxg5 21. Nc4 b6
22. Qc1 Qe7 23. Qd2 d3 24. Ne3 O-O-O 25. Nxg4 Kb7 26. Ne3 Qh7 27. Ng4 Qxe4 28.
f3 Qd4+ 29. Kh1 Qf4 30. Qxf4 gxf4 31. Nf2 Rh5 32. Ng4 Nc2 33. Ra2 Nb4 34. Rd2 c5
35. h3 Nc2 36. Nf6 Rxe5 37. Ng4 Re2 38. Rfd1 Rxd2 39. Rxd2 Ne1 40. Ne5 Rd5 41.
Ng4 Kc6 42. Nf6 Re5 43. h4 Re2 44. Rxe2 dxe2 45. h5 Nd3 46. h6 e1=Q+ 47. Kh2
Qh4+ 48. Kg1 Qxf6 49. h7 Kd5 50. Kf1 Nc1 0-1

[Event "AUTO-OPEN-4348"]
[Site "http://www.queenalice.com/game.php?id=1782309"]
[Date "2022.2.6"]
[Round "1"]
[White "koshnarek"]
[Black "SamuraiJOM"]
[Result "0-1"]
[WhiteElo "1812"]
[BlackElo "1685"]

1. e4 e5 2. Nf3 Nc6 3. Be2 Bc5 4. O-O Nf6 5. Nc3 O-O 6. a3 d6 7. b4 Bb6 8. d3 a6
9. Nd5 Ba7 10. Nxf6+ gxf6 11. Bh6 Re8 12. Nh4 Ne7 13. Bh5 f5 14. Qf3 Ng6 15.
Nxf5 Bxf5 16. Qxf5 Re6 17. Bg5 Qf8 18. Bf6 Nf4 19. Qg5+ Ng6 20. Bg4 h6 21. Qd2
Rxf6 22. Bf5 Nh4 23. Bd7 Qg7 24. g3 Nf3+ 25. Kg2 Nxd2 26. Rfd1 Rxf2+ 27. Kh3 Nf3
28. g4 Qg5 29. Kg3 Qh4# 0-1